00258nam a2200097 a 450000500170000000800410001705000210005824500260007926000350010544000200014020140414132113.0110817s19uu xx 00 eng d aREF 503bA3 1990 aThe age of computers. aSingapore :bWorl book,c1990. aYoung Scientist